Polozapomenuté postavy ekonomického myšlení – A. Toffler

Pohľad na životopis a dielo amerického spisovateľa, novinára a soiológa označovaného aj ako guru futurológie Alvina Tofflera.

Gespeichert in:
Bibliographische Detailangaben
1. Verfasser: Sirůček, Pavel
Format: Buchkapitel
Sprache:Tschechisch
Schlagworte:
Tags: Tag hinzufügen
Keine Tags, Fügen Sie das erste Tag hinzu!

MARC

LEADER 00000naa a2200000 4500
001 0239931
005 20220722091956.0
041 0 |a cze 
044 |a CZ 
245 1 0 |a Polozapomenuté postavy ekonomického myšlení – A. Toffler  |c Pavel Sirůček 
520 |a Pohľad na životopis a dielo amerického spisovateľa, novinára a soiológa označovaného aj ako guru futurológie Alvina Tofflera. 
610 2 0 |a dejiny myslenia ekonomického 
610 2 0 |a veda ekonomická 
610 2 0 |a životopisy 
610 2 0 |a žurnalistika 
610 2 0 |a sociológia 
610 2 0 |a Toffler Alvin 
100 1 |a Sirůček, Pavel